| 000 | 01506cam a22001934a 4500 | ||
|---|---|---|---|
| 005 | 20250605164037.0 | ||
| 008 | 250528s ||||||||||||||||||||||||d | ||
| 035 | _a16863 | ||
| 020 | _a9602864788 | ||
| 040 |
_aGR-AtMCL _bgre _dGR-AtMCL _eAACR2 |
||
| 245 | 1 | _aΤρόποι Συνεργασίας με Οικογένειες Παιδιών με Ειδικές Ανάγκες | |
| 260 |
_bΈλλην, _c2008 |
||
| 300 | _a356 | ||
| 520 | _aΕννοιολογικά Πλαίσια Εργασίας για το Συνεταιριστικό Μοντέλο, Το Ξεκίνημα, Οι Απόψεις και οι Στάσεις του Γονέα, Επικοινωνία και Διαπραγμάτευση, Πλαίσια Εργασίας για την Κατανόηση της Οικογένειας, Δουλεύοντας με Ολόκληρη την Οικογένεια, Αξιολόγηση των Οικογενειακών Αναγκών, Συμμετέχοντας σε Υπηρεσίες που Σχετίζονται με την Παιδική Ανάπτυξη, Πληροφόρηση και Έλεγχος, Το KIDS Family Centre: Ένα Πρότυπο Παροχής Υπηρεσιών, Νομοθεσία και Μοντέλο του Συνεταιρισμού, Οργανωτικά Θέματα, Κοιτάζοντας Πίσω και Κοιτάζοντας Μπροστά, Βιβλιογραφία. | ||
| 700 | 1 |
_aDale Naomi _92948 |
|
| 942 | _cBK | ||
| 999 |
_c2315 _d2315 |
||